00910nam a2200265Ia 4500008004100000020001500041040001800056041000800074245007200082260007600154300001800230490004600248504003800294650002200332650001100354650001200365650003000377650004600407651002100453700002700474700003000501700003700531700003400568700004200602130821s1999 ck gr spa  a9589326110 aCo-BoUCMbspa00aspa00aPobreza Reto para el desarrollocAlberto Benegas Lynch ... [et al] aBogotá (Colombia)bInstituto de Estudios Sociales Juan Pablo IIc1999 a101 páginas aColección horizontes de solidaridad; 19 aIncluye bibliografía e índice04aDesarrollo social04aPobres04aPobreza04aPobrezazAmérica Latina04aPolítica socialzPaíses en desarrollo aAmérica Latina aBenegas Lynch, Alberto aCarrillo Florez, Fernando aEscobar Herran, Guillermo León aMahecha C Rdenas, Juan Carlos aRodríguez Madariaga, Oscar Andrés